00334nam a2200121Ia 4500008004100000040001700041041001200058082001600070100002600086245006000112260002500172300001500197230917s9999||||xx |||||||||||||| ||und|| e220530aMAIN aEnglish a512.22 Z66R aZimmermann, Alexander 0aRepresentation theory: A homoligical algebra point view aChambSpringerc2014 axx, 707 p.